| 000 | 00400nam a2200169Ia 4500 | ||
|---|---|---|---|
| 008 | 230524s9999 xx 000 0 und d | ||
| 020 | _a01956971082 | ||
| 082 |
_a331 _bRAT |
||
| 100 | _aC.S.Venkata Ratnam | ||
| 245 | 0 | _aIndustrial Relations | |
| 250 | _aIST | ||
| 260 |
_aNEW DELHI _bOxford _c2008 |
||
| 300 | _aXIX;743 | ||
| 500 | _aQuantity Number: 40 | ||
| 650 | _aManagement | ||
| 942 | _cBK | ||
| 999 |
_c42703 _d42703 |
||